A different kind of presidency : a proposal for breaking the political deadlock /

Bibliographic Details
Main Author: Sorensen, Theodore C.
Format: Book
Language:English
Published: New York : Harper & Row, [1984]
Edition:1st ed.
Subjects:

MARC

Tag First Indicator Second Indicator Subfields
LEADER 00000cam a2200000 a 4500
001 in00000390708
005 20151011110805.0
008 830701s1984 nyu 00010 eng
010 |a  83048434  
020 |a 0060390328 :  |c $11.95 
035 |a (OCoLC)10340506 
035 |9 ABR6658AM 
039 0 |a 2  |b 3  |c 3  |d 3  |e 3 
040 |a DLC  |c DLC  |d TXA  |d UtOrBLW 
043 |a n-us--- 
049 |a TXAM  |c [1003949] 
050 0 0 |a JK526  |b  1984a 
082 0 |a 324.973/0927  |2 19 
100 1 |a Sorensen, Theodore C. 
245 1 2 |a A different kind of presidency :  |b a proposal for breaking the political deadlock /  |c Theodore C. Sorensen. 
250 |a 1st ed. 
264 1 |a New York :  |b Harper & Row,  |c [1984] 
264 4 |c ©1984 
300 |a vii, 134 pages ;  |c 22 cm. 
336 |a text  |b txt  |2 rdacontent 
337 |a unmediated  |b n  |2 rdamedia 
338 |a volume  |b nc  |2 rdacarrier 
500 |a A Cornelia and Michael Bessie book. 
650 0 |a Presidents  |z United States  |x Election  |y 1984. 
650 0 |a Coalition governments  |z United States. 
999 |a MARS 
999 f f |s 93ec796a-e0fd-398e-adae-3252df3a9119  |i 5a1e24bb-d720-3980-84ba-964947bdb299  |t 0 
952 f f |p ric  |a Texas A&M University  |b Rellis Campus  |c Joint Library Facility  |d Remote Storage  |t 0  |e JK526 1984a  |h Library of Congress classification  |i unmediated -- volume  |m A14808018973 
998 f f |a JK526 1984a  |t 0  |l Remote Storage